Otoño, primavera del hombre /
Descripción Física:
Il·lustracions
Colección:
San Jorge,
; núm. 20 (octubre 1955), pàg 6-7
Idioma:
Español
MARC
| LEADER | 00000nam a2200000Ia 4500 | ||
|---|---|---|---|
| 003 | Arxiu | ||
| 005 | 20260324181034.0 | ||
| 008 | 160829s1955 spcaxx s spa c | ||
| 040 | |a AGDB | ||
| 100 | 1 | |a Espinàs, Josep M., |d 1927-2023 |9 28496 | |
| 245 | 1 | 0 | |a Otoño, primavera del hombre / |c José M.ª Espinás |
| 300 | |b Il·lustracions | ||
| 490 | |a San Jorge, |v núm. 20 (octubre 1955), pàg 6-7 | ||
| 650 | |a Tardor |9 29746 | ||
| 650 | 0 | |a Contes catalans |9 37592 |2 Arxiu | |
| 773 | |g Núm. 20 (octubre 1955), pàg 6-7 |t San Jorge. | ||
| 901 | |a Arxiu | ||
| 942 | |n 1 |2 udc |c ART | ||
| 952 | |0 0 |1 0 |4 0 |6 REV510 |7 1 |9 65266 |a Arxiu |b Arxiu |d 2023-02-09 |l 0 |o Rev-510 |r 2023-02-09 00:00:00 |w 2023-02-09 |y ARXIU |z També disponible a Rev-524 | ||
| 999 | |c 48121 |d 48121 | ||